La familia formadora de personas: temario para grupos de reflexión

Uloženo v:
Podrobná bibliografie
Hlavní autor: Cerna S., Sergio (Autor)
Médium: Kniha
Jazyk:španělština
Vydáno: Santiago Paulinas 1984
Edice:Familia, 1
Témata:
Tagy: Přidat tag
Žádné tagy, Buďte první, kdo vytvoří štítek k tomuto záznamu!

MARC

LEADER 00000nam a2200000 a 4500
001 UCG1960
003 CL-VaPUC
008 100531e19840000CL |||||||||||||||||spa|d
082 0 4 |a 362.82  |b CER  |2 21 
100 0 |a Cerna S., Sergio  |e author  |9 550102 
245 1 3 |a La familia formadora de personas: temario para grupos de reflexión 
300 |a 144 p 
942 |c BK 
945 |d 20100531 00:00:00  |a dcastane 
260 |a Santiago  |b Paulinas  |c 1984 
650 0 |a Familias   |9 255641 
650 0 |a Educación en el hogar  |9 307975 
650 0 |a Educación para la vida familiar  |9 307821 
650 0 |a Educación sexual  |9 308005 
583 |a last modification  |c 20100531 00:00:00  |k Rodrigo Vera 
490 0 |a Familia, 1 
999 |c 341207  |d 341205 
952 |0 0  |1 0  |4 0  |6 362_820000000000000_CER_1984  |7 0  |8 A  |9 436549  |a BIBEDU  |b BIBEDU  |d 2019-11-22  |i 467894K  |o 362.82 CER 1984  |p 467894K  |r 2019-11-22  |w 2019-11-22  |y BK  |k EPE